[Event "AUTO-INT-1737"]
[Site "http://www.queenalice.com/game.php?id=794668"]
[Date "2010.6.25"]
[Round "1"]
[White "LukeKovacs"]
[Black "torre"]
[Result "1-0"]
[WhiteElo "1192"]
[BlackElo "1474"]

1. d4 c5 2. Bf4 cxd4 3. Qxd4 Nc6 4. Qd1 e5 5. Bd2 d5 6. e3 Bf5 7. Bb5 Qd7 8.
Bxc6 Qxc6 9. Bc3 Bd6 10. Nf3 Bg4 11. Bxe5 1-0

[Event "AUTO-ADV-1813"]
[Site "http://www.queenalice.com/game.php?id=795708"]
[Date "2010.6.27"]
[Round "1"]
[White "Artking"]
[Black "torre"]
[Result "1-0"]
[WhiteElo "1916"]
[BlackElo "1824"]

1. e4 e5 2. Nf3 Nc6 3. Bb5 Bc5 4. c3 d6 5. d3 Bd7 6. Ba4 Nf6 7. Nbd2 h6 8. O-O
g5 9. Re1 Rg8 10. Nf1 Nh7 11. Ng3 Bg4 12. h3 Bd7 13. b4 Bb6 14. Nh5 g4 15. Nh2
gxh3 16. g3 Qh4 17. d4 O-O-O 18. Kh1 Qe7 19. Bxh6 Nf6 20. Bb3 Nxh5 21. Qxh5 Qf6
22. Qxf7 1-0

[Event "AUTO-ADV-1813"]
[Site "http://www.queenalice.com/game.php?id=795709"]
[Date "2010.6.27"]
[Round "1"]
[White "torre"]
[Black "Artking"]
[Result "0-1"]
[WhiteElo "1884"]
[BlackElo "1971"]

1. e4 c5 2. Nf3 d6 3. Bc4 a6 4. d4 cxd4 5. Nxd4 Nf6 6. Nc3 g6 7. Be3 Bg7 8. h3
Nc6 9. Qd2 Bd7 10. g4 Rc8 11. Nxc6 Bxc6 12. f3 h5 13. g5 Nd7 14. f4 O-O 15. f5
Ne5 16. Bd5 Nf3+ 0-1

[Event "AUTO-ADV-1813"]
[Site "http://www.queenalice.com/game.php?id=795722"]
[Date "2010.6.27"]
[Round "1"]
[White "torre"]
[Black "Sbilf"]
[Result "0-1"]
[WhiteElo "1812"]
[BlackElo "1789"]

1. e4 d6 2. d4 Nf6 3. Nc3 g6 4. Nf3 Bg7 5. Bd3 O-O 6. h3 c5 7. g4 cxd4 8. Nxd4
Nc6 9. Nxc6 bxc6 10. Be2 Bb7 11. g5 Nd7 12. Bd2 Nb6 13. h4 Qc7 14. h5 d5 0-1

[Event "AUTO-ADV-1813"]
[Site "http://www.queenalice.com/game.php?id=795723"]
[Date "2010.6.27"]
[Round "1"]
[White "Sbilf"]
[Black "torre"]
[Result "1-0"]
[WhiteElo "1806"]
[BlackElo "1795"]

1. e4 e5 2. Nf3 Nc6 3. Bb5 Bc5 4. c3 d6 5. d4 exd4 6. cxd4 Bb4+ 7. Nc3 Bd7 8.
O-O a6 9. Ba4 Qe7 10. Nd5 Qd8 11. Bxc6 Bxc6 12. Nxb4 Ne7 13. Nxc6 Nxc6 14. Re1
Qd7 15. e5 1-0

[Event "AUTO-OPEN-2022"]
[Site "http://www.queenalice.com/game.php?id=795867"]
[Date "2010.6.27"]
[Round "1"]
[White "torre"]
[Black "califkid"]
[Result "0-1"]
[WhiteElo "1645"]
[BlackElo "1990"]

1. e4 c5 2. Nf3 e6 3. d4 cxd4 4. Nxd4 a6 5. Nc3 Ne7 6. Be3 Ng6 7. Bd3 Qc7 8. a3
Bc5 9. Qf3 O-O 10. Na4 Be7 11. g4 b5 12. Nc3 Nc6 13. h4 Nxh4 14. Qh3 g5 15. Nf3
Nxf3+ 16. Qxf3 Qe5 17. Qh3 Qg7 18. e5 h6 19. f4 Bb7 0-1

[Event "AUTO-OPEN-2022"]
[Site "http://www.queenalice.com/game.php?id=795868"]
[Date "2010.6.27"]
[Round "1"]
[White "califkid"]
[Black "torre"]
[Result "1-0"]
[WhiteElo "1992"]
[BlackElo "1643"]

1. d4 c5 2. d5 e5 3. e4 d6 4. Nc3 Nf6 5. Nf3 Bg4 6. Be2 Be7 7. Bg5 h6 8. Bxf6
Bxf6 9. Qd2 a6 10. h3 Bh5 11. g4 Bg6 12. h4 Nd7 13. a3 b5 14. b4 O-O 15. g5 hxg5
16. Nxg5 Re8 17. Bg4 1-0

[Event "Challenge"]
[Site "http://www.queenalice.com/game.php?id=813669"]
[Date "2010.8.5"]
[Round "-"]
[White "torre"]
[Black "Bar7"]
[Result "0-1"]
[WhiteElo "1422"]
[BlackElo "2117"]

1. e4 e5 2. Nf3 Nc6 3. Bc4 Bc5 4. Nxe5 Qh4 5. Bxf7+ Kf8 6. Nd3 Qxe4+ 7. Qe2
Qxe2+ 8. Kxe2 Nd4+ 9. Kd1 Kxf7 10. Nxc5 d6 11. Nb3 Nc6 12. Nc3 Be6 13. d3 Bxb3
0-1